Pokémon Word Scramble - Alola - Statistics

General Stats
  • This quiz has been taken 16 times
  • The average score is 16 of 21
Answer Stats
Pokémon % Correct
Araquanid
100%
Blacephalon
100%
Bruxish
100%
Cosmog
100%
Decidueye
100%
Dhelmise
100%
Golisopod
100%
Guzzlord
100%
Hakamo-o
100%
Jangmo-o
100%
Kommo-o
100%
Magearna
100%
Marshadow
100%
Meltan
100%
Minior
100%
Mudsdale
100%
Necrozma
100%
Oricorio
100%
Passimian
100%
Poipole
100%
Popplio
100%
Pyukumuku
100%
Rockruff
100%
Rowlet
100%
Salazzle
100%
Silvally
100%
Solgaleo
100%
Stakataka
100%
Steenee
100%
Stufful
100%
Tapu Bulu
100%
Tapu Koko
100%
Togedemaru
100%
Type: Null
100%
Vikavolt
100%
Wimpod
100%
Wishiwashi
100%
Xurkitree
100%
Yungoos
100%
Zeraora
100%
Grubbin
80%
Kartana
80%
Pheromosa
80%
Buzzwole
75%
Komala
75%
Pikipek
75%
Tapu Fini
75%
Crabrawler
67%
Gumshoos
67%
Litten
67%
Mareanie
67%
Mimikyu
67%
Morelull
67%
Naganadel
67%
Sandygast
67%
Trumbeak
67%
Turtonator
67%
Crabominable
60%
Comfey
50%
Cutiefly
50%
Dartrix
50%
Drampa
50%
Incineroar
50%
Lycanroc
50%
Melmetal
50%
Oranguru
50%
Ribombee
50%
Shiinotic
50%
Tapu Lele
50%
Toucannon
40%
Cosmoem
33%
Lunala
33%
Palossand
33%
Bounsweet
20%
Bewear
0%
Brionne
0%
Celesteela
0%
Charjabug
0%
Dewpider
0%
Fomantis
0%
Lurantis
0%
Mudbray
0%
Nihilego
0%
Primarina
0%
Salandit
0%
Torracat
0%
Toxapex
0%
Tsareena
0%
No matching quizzes found
Score Distribution
Percent of People with Each Score
Percentile by Number Answered
Your Score History
You have not taken this quiz